00331nam a2200133Ia 4500008004100000041000800041082001800049100001600067245002100083250000900104260005000113300001300163999002100176231229s2022 xx 000 0 und d aeng a347.4206bLAL aLAL (Batuk) aLaw of Evidence. a23rd aAllahabadbCentral Law Agency Allahabadc2022 avii, 717 c1126458d1126458